Racehorse training and feeding : (Record no. 1680)
[ view plain ]
| 000 -LEADER | |
|---|---|
| fixed length control field | 00551cam4a220015700 4500 |
| 005 - DATE AND TIME OF LATEST TRANSACTION | |
| control field | 20190809113812.0 |
| 008 - FIXED-LENGTH DATA ELEMENTS--GENERAL INFORMATION | |
| fixed length control field | 000809 |
| 020 ## - INTERNATIONAL STANDARD BOOK NUMBER | |
| International Standard Book Number | 0959043306 |
| 035 ## - SYSTEM CONTROL NUMBER | |
| System control number | (Sirsi) a142956 |
| 050 #0 - LIBRARY OF CONGRESS CALL NUMBER | |
| Classification number | Vet SF351 |
| Item number | Swa 1984 |
| 100 1# - MAIN ENTRY--PERSONAL NAME | |
| Personal name | Swann,Philip |
| Linkage | A113233.1 |
| 245 10 - TITLE STATEMENT | |
| Title | Racehorse training and feeding : |
| Remainder of title | modern and scientific conditioning methods / |
| Statement of responsibility, etc. | Philip Swann |
| 260 ## - PUBLICATION, DISTRIBUTION, ETC. | |
| Place of publication, distribution, etc. | Doreen,Vic |
| Name of publisher, distributor, etc. | Racehorse Sportsmedicine and Scientific Conditioning , |
| Date of publication, distribution, etc. | 1984. |
| 350 ## - PRICE (NR) (BK AM CF MU VM SE) [OBSOLETE] | |
| Price | 25 |
| 650 #0 - SUBJECT ADDED ENTRY--TOPICAL TERM | |
| Topical term or geographic name entry element | Horse -- Training |
| General subdivision | Horse -- Training |
| Linkage | S85885.1 |
| Withdrawn status | Lost status | Source of classification or shelving scheme | Damaged status | Not for loan | Home library | Current library | Shelving location | Total Checkouts | Full call number | Barcode | Date last seen | Copy number | Price effective from | Koha item type |
|---|---|---|---|---|---|---|---|---|---|---|---|---|---|---|
| Library of Congress Classification | Vet Medicine Library | Vet Medicine Library | On Shelf | VET SF 351 SWA 1984 | 142956-2001 | 08/09/2019 | 1 | 08/09/2019 | Book |